Guess NBA Players by their jersey! - Statistics

General Stats
  • This quiz has been taken 292 times
  • The average score is 11 of 16
Answer Stats
Picture Answer % Correct
Luka Dončić
99%
Micheal Jordan
99%
Dwayne Wade
89%
Stephen Curry
82%
Kevin Durant
77%
Shaquille O'Neal
77%
Trae Young
73%
Devin Booker
71%
Allen Iverson
68%
Klay Thompson
68%
Jamal Murray
67%
Jimmy Butler
67%
Tyrese Maxey
64%
James Harden
61%
Paskal Siakam
58%
Giannis Antetokumpo
8%
No matching quizzes found
Score Distribution
Percent of People with Each Score
Percentile by Number Answered
Your Score History
You have not taken this quiz